| 000 | 00473cam a2200181ua 4500 | ||
|---|---|---|---|
| 041 |
_aeng _h |
||
| 082 |
_a690.2 _bWAR/BU |
||
| 100 | _aWarland, E G . | ||
| 245 |
_aBuilding construction for national certificate , vol.ll / _cE G Warland. _hTextual Documents |
||
| 250 |
_a8 / _b. |
||
| 260 |
_aLondon : _bEnglish Universities Press , _c1963. |
||
| 300 | _a160 ; . | ||
| 504 | _a | ||
| 942 | _cBK | ||
| 999 |
_c2728 _d2728 |
||